[Event "Warsaw YMCA Autumn-B 265th"]
[Site "Warsaw"]
[Date "2022.12.14"]
[Round "12"]
[White "Kwiek, Janusz"]
[Black "Jaroszuk, Marcin"]
[Result "0-1"]
[WhiteElo "1428"]
[BlackElo "1495"]
[PlyCount "78"]
[EventDate "2022.09.28"]
[EventType "tourn"]
[EventRounds "13"]
[EventCountry "POL"]
[SourceTitle "EXT 2024"]
[Source "ChessBase"]
[SourceDate "2023.10.10"]
[SourceVersion "1"]
[SourceVersionDate "2023.10.10"]
[SourceQuality "1"]

1. d4 Nf6 2. Bf4 c5 3. d5 Qb6 4. b3 d6 5. e3 g6 6. Nd2 Bg7 7. Bc4 Nh5 8. Rb1 Nxf4 9. exf4 0-0 10. Ne2 Qa5 11. a4 Na6 12. 0-0 Bd7 13. Re1 Rfe8 14. Ne4 Nc7 15. Qd2 Qxd2 16. Nxd2 a6 17. a5 Nb5 18. b4 Na3 19. Rb3 Nxc2 20. Reb1 Nxb4 21. Ne4 Ba4 22. Re3 Rab8 23. Bb3 Bxb3 24. Rexb3 b5 25. axb6 Rxb6 26. N2c3 Reb8 27. Na4 R6b7 28. Nac3 Kf8 29. g4 Ke8 30. Na2 Kd7 31. g5 Kc8 32. Nc1 Nxd5 33. Rxb7 Rxb7 34. Rxb7 Kxb7 35. Kf1 a5 36. Ke1 a4 37. Kd2 Nb4 38. Nc3 a3 39. N1a2 Bxc3+ 0-1

[Event "Warsaw YMCA Autumn-B 265th"]
[Site "Warsaw"]
[Date "2022.10.27"]
[Round "5"]
[White "Kwiek, Janusz"]
[Black "Mlynarski, Zbigniew"]
[Result "0-1"]
[WhiteElo "1428"]
[BlackElo "1588"]
[PlyCount "82"]
[EventDate "2022.09.28"]
[EventType "tourn"]
[EventRounds "13"]
[EventCountry "POL"]
[SourceTitle "EXT 2024"]
[Source "ChessBase"]
[SourceDate "2023.10.10"]
[SourceVersion "1"]
[SourceVersionDate "2023.10.10"]
[SourceQuality "1"]

1. d4 Nf6 2. Bf4 d5 3. e3 e6 4. Nf3 Be7 5. h3 0-0 6. Bd3 b6 7. Nbd2 Ba6 8. Qe2 Bxd3 9. Qxd3 Nc6 10. a3 Qd7 11. Rc1 Na5 12. b4 Nb7 13. c4 c5 14. Ne5 Qa4 15. bxc5 bxc5 16. Rb1 Na5 17. 0-0 cxd4 18. Qxd4 dxc4 19. Nexc4 Rfd8 20. Qc3 Nxc4 21. Nxc4 Rac8 22. Rfc1 h6 23. Qb3 Qe8 24. Rd1 Ne4 25. Rxd8 Rxd8 26. Qb7 Nc3 27. Re1 Rd7 28. Qb3 Ne4 29. Rd1 Rxd1+ 30. Qxd1 Qb5 31. Qc2 Qd5 32. f3 Nc5 33. e4 Qd8 34. Be3 a6 35. Ne5 Qa5 36. Qc1 Nb3 37. Qc8+ Kh7 38. Kf2 Qxe5 39. Qb7 Bh4+ 40. Ke2 Qb2+ 41. Kd3 Nc5+ 0-1

[Event "Warsaw YMCA Autumn-B 265th"]
[Site "Warsaw"]
[Date "2022.10.12"]
[Round "3"]
[White "Jaroszuk, Marcin"]
[Black "Kwiek, Janusz"]
[Result "1-0"]
[WhiteElo "1495"]
[BlackElo "1428"]
[PlyCount "61"]
[EventDate "2022.09.28"]
[EventType "tourn"]
[EventRounds "13"]
[EventCountry "POL"]
[SourceTitle "EXT 2024"]
[Source "ChessBase"]
[SourceDate "2023.10.10"]
[SourceVersion "1"]
[SourceVersionDate "2023.10.10"]
[SourceQuality "1"]

1. f4 d5 2. Nf3 Bf5 3. e3 e6 4. Be2 Nf6 5. 0-0 h6 6. Ne5 Nbd7 7. g4 Bh7 8. g5 Ne4 9. d3 Nd6 10. Nf3 Be7 11. gxh6 gxh6 12. Qe1 Bf6 13. Nc3 Rg8+ 14. Kh1 Qe7 15. a4 Bf5 16. Rg1 0-0-0 17. Nb5 a6 18. Nbd4 Rxg1+ 19. Qxg1 Bh7 20. Qe1 e5 21. fxe5 Nxe5 22. Qa5 Nxf3 23. Nxf3 Nf5 24. Bd2 Nxe3 25. Bb4 Qd7 26. Bc5 Qe6 27. Qd2 Ng4 28. Rg1 b6 29. Bd4 Bxd4 30. Nxd4 Qe3 31. Bxg4+ 1-0

[Event "Warsaw YMCA Summer-B 262nd"]
[Site "Warsaw"]
[Date "2022.08.10"]
[Round "9"]
[White "Kozak, Jan"]
[Black "Kwiek, Janusz"]
[Result "1-0"]
[WhiteElo "1315"]
[BlackElo "1417"]
[PlyCount "65"]
[EventDate "2022.06.29"]
[EventType "swiss"]
[EventRounds "10"]
[EventCountry "POL"]
[SourceTitle "EXT 2023"]
[Source "ChessBase"]
[SourceDate "2022.10.05"]
[SourceVersion "1"]
[SourceVersionDate "2022.10.05"]
[SourceQuality "1"]

1. f4 Nf6 2. Nf3 c5 3. g3 g6 4. Bg2 Bg7 5. 0-0 Nc6 6. d3 d5 7. Qe1 0-0 8. e4 dxe4 9. dxe4 Qb6 10. c3 Rd8 11. Na3 Rb8 12. Nc4 Qc7 13. Nh4 Be6 14. Ne3 Ng4 15. f5 Nxe3 16. Bxe3 Bc4 17. fxg6 hxg6 18. Rf2 b6 19. Bf4 e5 20. Bg5 Rd7 21. Bh3 Rd6 22. b3 Be6 23. Bxe6 Rxe6 24. Qe3 Qd7 25. Raf1 Rf8 26. Bh6 Rd6 27. Bxg7 Kxg7 28. Qg5 Kh7 29. Ng2 Rd1 30. Ne3 Rxf1+ 31. Rxf1 Kg7 32. Nf5+ Kh7 33. Qh6+ 1-0

[Event "Warsaw YMCA Summer-B 262nd"]
[Site "Warsaw"]
[Date "2022.08.05"]
[Round "8"]
[White "Jaroszuk, Marcin"]
[Black "Kwiek, Janusz"]
[Result "1/2-1/2"]
[WhiteElo "1507"]
[BlackElo "1417"]
[PlyCount "216"]
[EventDate "2022.06.29"]
[EventType "swiss"]
[EventRounds "10"]
[EventCountry "POL"]
[SourceTitle "EXT 2023"]
[Source "ChessBase"]
[SourceDate "2022.10.05"]
[SourceVersion "1"]
[SourceVersionDate "2022.10.05"]
[SourceQuality "1"]

1. d4 d6 2. Nf3 Nf6 3. g3 g6 4. Bg2 Bg7 5. 0-0 0-0 6. c4 c5 7. dxc5 dxc5 8. Nc3 Nc6 9. Be3 Qa5 10. Qc1 Ng4 11. Bd2 Nge5 12. Nd5 Qd8 13. Rd1 Nxf3+ 14. Bxf3 Nd4 15. Bh6 e6 16. Nc3 Nxf3+ 17. exf3 Qf6 18. Kg2 b6 19. Bxg7 Kxg7 20. Ne4 Qe5 21. Nd6 Ba6 22. b3 Rad8 23. Qa3 Rxd6 24. Qxa6 Rxd1 25. Rxd1 Qc7 26. Qa4 a5 27. Qd7 Qxd7 28. Rxd7 Rb8 29. f4 h5 30. Kf3 Kf8 31. Ke4 b5 32. Ke5 bxc4 33. bxc4 Kg7 34. Ra7 Rb4 35. Rxa5 Rxc4 36. Kd6 Rc2 37. a4 c4 38. Rc5 c3 39. a5 Ra2 40. Kc7 c2 41. Kb6 Rb2+ 42. Ka7 Kf6 43. a6 Ke7 44. Ka8 Kd6 45. Rc8 Rb6 46. Rxc2 Rxa6+ 47. Kb7 Ra3 48. h3 Ke7 49. Re2 Kf6 50. Kc6 Rd3 51. Kc5 Rd5+ 52. Kc4 Kf5 53. Kc3 h4 54. Re1 g5 55. fxg5 Kxg5 56. Re4 hxg3 57. fxg3 e5 58. Kc4 Ra5 59. Kb4 Kf5 60. Re2 Rd5 61. Kc4 Rd4+ 62. Kc3 f6 63. Rf2+ Kg6 64. Rd2 Ra4 65. Rd3 Kf5 66. Rf3+ Kg6 67. Kd2 f5 68. Re3 e4 69. Rc3 Kg5 70. Ke3 Ra2 71. Rc8 Ra3+ 72. Kf2 Ra2+ 73. Ke3 Ra3+ 74. Kf2 Rf3+ 75. Kg2 Ra3 76. Kf2 Kh5 77. Rh8+ Kg6 78. Rb8 Ra6 79. Ke3 Ra3+ 80. Kf2 Ra7 81. Rb6+ Kg5 82. Rb8 Rh7 83. Rg8+ Kf6 84. h4 Kf7 85. Ra8 Kf6 86. Ra5 f4 87. gxf4 Rxh4 88. Ke3 Kf7 89. Kxe4 Rh6 90. Ra7+ Kf8 91. Ke5 Rb6 92. f5 Rc6 93. Kf4 Rb6 94. Kg5 Rc6 95. Ra8+ Kf7 96. Rb8 Ra6 97. Rb7+ Kf8 98. Rb4 Kf7 99. Rh4 Kf8 100. Rh6 Rxh6 101. Kxh6 Kf7 102. Kg5 Kg7 103. f6+ Kf7 104. Kf5 Kf8 105. Ke6 Ke8 106. Kd5 Kf7 107. Ke4 Ke6 108. Kd3 Kxf6 1/2-1/2

[Event "Warsaw YMCA Summer-B 262nd"]
[Site "Warsaw"]
[Date "2022.07.07"]
[Round "4"]
[White "Kwiek, Janusz"]
[Black "Jaroszuk, Marcin"]
[Result "1-0"]
[WhiteElo "1417"]
[BlackElo "1507"]
[PlyCount "109"]
[EventDate "2022.06.29"]
[EventType "swiss"]
[EventRounds "10"]
[EventCountry "POL"]
[SourceTitle "EXT 2023"]
[Source "ChessBase"]
[SourceDate "2022.10.05"]
[SourceVersion "1"]
[SourceVersionDate "2022.10.05"]
[SourceQuality "1"]

1. Nf3 e6 2. c4 Nf6 3. Nc3 d5 4. cxd5 exd5 5. d4 c6 6. g3 h6 7. Bg2 Bf5 8. 0-0 Be7 9. Qb3 Qb6 10. Qxb6 axb6 11. Bf4 Nbd7 12. Ne5 g5 13. Nxd7 Nxd7 14. Bd2 Nf6 15. Rfe1 Ne4 16. Nxe4 Bxe4 17. f3 Bg6 18. e4 dxe4 19. fxe4 0-0 20. a3 Rad8 21. Bc3 Bf6 22. Rad1 Bh5 23. Rd2 Rfe8 24. e5 Bg7 25. Rf1 Bg4 26. Rdf2 Be6 27. Be4 Bc4 28. Re1 Be6 29. Bf5 c5 30. Bxe6 fxe6 31. dxc5 bxc5 32. Ba5 Rd5 33. Bc7 Rf8 34. Bd6 Rxf2 35. Kxf2 Bf8 36. Bxf8 Kxf8 37. Re2 Ke7 38. Kf3 Kf7 39. g4 Ke7 40. Ke4 Rd4+ 41. Kf3 Rf4+ 42. Kg3 Kd7 43. Rd2+ Rd4 44. Rxd4+ cxd4 45. Kf3 Kc6 46. Ke4 d3 47. Kxd3 Kd5 48. a4 Kxe5 49. b4 Kd5 50. a5 Kc6 51. Kc4 Kc7 52. b5 Kd6 53. a6 bxa6 54. bxa6 Kc6 55. Kd4 1-0

[Event "Warsaw YMCA Spring-B 241st"]
[Site "Warsaw"]
[Date "2021.06.17"]
[Round "10"]
[White "Kwiek, Janusz"]
[Black "Jaroszuk, Marcin"]
[Result "1/2-1/2"]
[WhiteElo "1498"]
[BlackElo "1583"]
[PlyCount "88"]
[EventDate "2021.04.15"]
[EventType "swiss"]
[EventRounds "11"]
[EventCountry "POL"]
[SourceTitle "EXT 2022"]
[Source "ChessBase"]
[SourceDate "2021.10.06"]
[SourceVersion "1"]
[SourceVersionDate "2021.10.06"]
[SourceQuality "1"]

1. c4 Nf6 2. d4 e6 3. Nc3 d5 4. Bg5 c6 5. e3 Be7 6. Nf3 0-0 7. Bd3 Nbd7 8. Qc2 Re8 9. 0-0 h6 10. Bh4 dxc4 11. Bxc4 Nd5 12. Bxe7 Qxe7 13. a3 Nxc3 14. Qxc3 e5 15. dxe5 Nxe5 16. Nxe5 Qxe5 17. Qxe5 Rxe5 18. Rfd1 Bf5 19. Rd2 Kf8 20. Rad1 Ke7 21. h3 h5 22. Kf1 Re8 23. Be2 Be6 24. Rd4 Bd5 25. Rb4 b6 26. Rbd4 g6 27. b4 Rd8 28. Bf3 Bxf3 29. Rxd8 Bxd1 30. Rxd1 a5 31. Ke2 axb4 32. axb4 Rd5 33. Rxd5 cxd5 34. Kd3 h4 35. Kd4 Kd6 36. b5 Ke6 37. g3 g5 38. g4 f5 39. f3 fxg4 40. fxg4 Kd6 41. e4 dxe4 42. Kxe4 Ke6 43. Kd4 Kd6 44. Ke4 Ke6 1/2-1/2

[Event "Polanica Zdroj op-B 56th"]
[Site "Polanica Zdroj"]
[Date "2020.08.21"]
[Round "7"]
[White "Kwiek, Janusz"]
[Black "Klucznik, Andre"]
[Result "1-0"]
[WhiteElo "1476"]
[BlackElo "1707"]
[PlyCount "67"]
[EventDate "2020.08.15"]
[EventType "swiss"]
[EventRounds "9"]
[EventCountry "POL"]
[SourceTitle "CBM 198 Extra"]
[Source "ChessBase"]
[SourceDate "2020.11.30"]
[SourceVersion "1"]
[SourceVersionDate "2020.11.30"]
[SourceQuality "1"]

1. c4 Nf6 2. Nf3 c5 3. g3 b6 4. Bg2 Bb7 5. 0-0 g6 6. b3 Bg7 7. Bb2 0-0 8. e3 Nc6 9. d4 cxd4 10. exd4 d5 11. Re1 Rc8 12. Nc3 dxc4 13. bxc4 Na5 14. Ba3 Re8 15. c5 Nc4 16. Qa4 Nxa3 17. Qxa3 bxc5 18. dxc5 Ne4 19. Rad1 Nxc3 20. Rxd8 Rexd8 21. Ne5 Bxe5 22. Bxb7 Rd3 23. Qa6 Rcd8 24. Rxe5 Nd1 25. Re2 Nc3 26. Re1 Rd2 27. Qc4 Nd1 28. Re2 R8d4 29. Qb5 Nc3 30. Qe8+ Kg7 31. Rxd2 Rxd2 32. Qxe7 Nd1 33. Qe5+ Kg8 34. Qe1 1-0

[Event "Polanica Zdroj op-B 56th"]
[Site "Polanica Zdroj"]
[Date "2020.08.17"]
[Round "3"]
[White "Kwiek, Janusz"]
[Black "Rychlik, Bogdan"]
[Result "0-1"]
[WhiteElo "1476"]
[BlackElo "1638"]
[PlyCount "136"]
[EventDate "2020.08.15"]
[EventType "swiss"]
[EventRounds "9"]
[EventCountry "POL"]
[SourceTitle "CBM 198 Extra"]
[Source "ChessBase"]
[SourceDate "2020.11.30"]
[SourceVersion "1"]
[SourceVersionDate "2020.11.30"]
[SourceQuality "1"]

1. c4 e6 2. Nc3 Nf6 3. Nf3 d5 4. e3 c5 5. d4 a6 6. cxd5 cxd4 7. Qa4+ Bd7 8. Qxd4 exd5 9. Nxd5 Qa5+ 10. Nc3 Bb4 11. Qe5+ Be6 12. Qxa5 Bxa5 13. Bd2 0-0 14. Be2 Nc6 15. a3 b5 16. b4 Bb6 17. 0-0 Rad8 18. Rfc1 Rd6 19. Be1 Rc8 20. Ng5 Bc4 21. Bxc4 bxc4 22. Nge4 Re6 23. Nxf6+ gxf6 24. Nd5 Ne5 25. Nxb6 Rxb6 26. Bc3 Nd3 27. Rc2 h5 28. Kf1 Kh7 29. Bd4 Re6 30. Rc3 f5 31. Ra2 f4 32. Rac2 fxe3 33. Bxe3 Rec6 34. Re2 Kg6 35. g3 f5 36. f3 Re6 37. Bf2 Rec6 38. h3 h4 39. Kg2 hxg3 40. Bxg3 f4 41. Bf2 Kf5 42. Rec2 Rg6+ 43. Kf1 Rgc6 44. Bd4 Kg5 45. Bf2 Kh5 46. Re2 Rg6 47. Re4 Rcg8 48. Re2 Nxf2 49. Rxf2 Rg1+ 50. Ke2 Re8+ 51. Kd2 Rd8+ 52. Kc2 Rc8 53. Kb2 Rd1 54. Rfc2 Rd4 55. a4 Kh4 56. Ka3 Kxh3 57. b5 axb5 58. axb5 Kg3 59. Kb4 Rd1 60. Rb2 Rd5 61. Rxc4 Rxb5+ 62. Kxb5 Rb8+ 63. Kc5 Rxb2 64. Kd4 Kxf3 65. Rc3+ Ke2 66. Rh3 f3 67. Kc3 Rb7 68. Rh8 Re7 0-1

[Event "Warsaw YMCA Winter-B 225th"]
[Site "Warsaw"]
[Date "2020.02.27"]
[Round "9"]
[White "Sloniewska, Alicja"]
[Black "Kwiek, Janusz"]
[Result "1/2-1/2"]
[WhiteElo "1683"]
[BlackElo "1549"]
[PlyCount "97"]
[EventDate "2020.01.09"]
[EventType "tourn"]
[EventRounds "13"]
[EventCountry "POL"]
[SourceTitle "CBM 195 Extra"]
[Source "ChessBase"]
[SourceDate "2020.05.31"]
[SourceVersion "1"]
[SourceVersionDate "2020.05.31"]
[SourceQuality "1"]

1. d4 Nf6 2. c4 e6 3. Nc3 d5 4. cxd5 exd5 5. Bg5 Be7 6. e3 0-0 7. Bd3 Be6 8. Nf3 Nbd7 9. 0-0 h6 10. Bh4 c6 11. Rb1 Ng4 12. Bg3 f5 13. h3 Ngf6 14. b4 Ne4 15. Bxe4 fxe4 16. Ne5 Nxe5 17. Bxe5 Bd6 18. Bxd6 Qxd6 19. b5 Rf6 20. Ne2 cxb5 21. Rxb5 Qd7 22. Qb3 b6 23. Nf4 Rd8 24. Nxe6 Rxe6 25. Rc1 Rc6 26. Rxc6 Qxc6 27. a4 Rd6 28. a5 Kh7 29. Qb1 Kh8 30. Qb3 Qc1+ 31. Kh2 Qc7 32. g3 Qc4 33. Qb2 Qf1 34. axb6 axb6 35. Rxb6 Rxb6 36. Qxb6 Qxf2+ 37. Kh1 Qxe3 38. Qd8+ Kh7 39. Qxd5 Qf3+ 40. Kh2 Qf2+ 41. Kh1 Qf3+ 42. Kh2 h5 43. g4 Qf4+ 44. Kh1 hxg4 45. Qh5+ Kg8 46. Qe8+ Kh7 47. Qh5+ Kg8 48. Qe8+ Kh7 49. Qh5+ 1/2-1/2

[Event "Warsaw YMCA Winter-B 225th"]
[Site "Warsaw"]
[Date "2020.02.14"]
[Round "7"]
[White "Dabrowski, Leszek"]
[Black "Kwiek, Janusz"]
[Result "0-1"]
[WhiteElo "1598"]
[BlackElo "1549"]
[PlyCount "102"]
[EventDate "2020.01.09"]
[EventType "tourn"]
[EventRounds "13"]
[EventCountry "POL"]
[SourceTitle "CBM 195 Extra"]
[Source "ChessBase"]
[SourceDate "2020.05.31"]
[SourceVersion "1"]
[SourceVersionDate "2020.05.31"]
[SourceQuality "1"]

1. c4 c5 2. Nc3 Nf6 3. Nf3 Nc6 4. g3 g6 5. Bg2 Bg7 6. 0-0 0-0 7. Rb1 d5 8. cxd5 Nxd5 9. a3 Nxc3 10. bxc3 Rb8 11. a4 Bf5 12. Rb5 b6 13. Nh4 Bd7 14. Qc2 Ne5 15. Rb1 Bc6 16. Bh3 Qd5 17. Bg2 Qd7 18. Bxc6 Qxc6 19. d3 Rbd8 20. c4 f5 21. Bd2 Rd7 22. a5 Rb7 23. axb6 Rxb6 24. Rb3 Rfb8 25. Rfb1 Rxb3 26. Rxb3 Rxb3 27. Qxb3 Qb6 28. Qa3 Kf7 29. Qa2 Nc6 30. Nf3 h6 31. e3 e6 32. Kg2 g5 33. h3 Ke7 34. Qa3 Kf7 35. Bc3 g4 36. hxg4 fxg4 37. Nd2 Bxc3 38. Qxc3 Qb4 39. Ne4 Qxc3 40. Nxc3 Ne5 41. Na4 Nxd3 42. Kf1 e5 43. e4 Ke7 44. Ke2 Nb4 45. Nxc5 Kd6 46. Nb3 Na6 47. Ke3 Nc5 48. Nc1 a5 49. Na2 Na4 50. Kd2 Kc5 51. Kd3 Nb2+ 0-1

[Event "Warsaw YMCA Autumn-C 222nd"]
[Site "Warsaw"]
[Date "2019.12.04"]
[Round "12"]
[White "Wiktorowski, Janusz"]
[Black "Kwiek, Janusz"]
[Result "1/2-1/2"]
[WhiteElo "1426"]
[BlackElo "1379"]
[PlyCount "125"]
[EventDate "2019.09.19"]
[EventType "tourn"]
[EventRounds "13"]
[EventCountry "POL"]
[SourceTitle "CBM 195 Extra"]
[Source "ChessBase"]
[SourceDate "2020.05.31"]
[SourceVersion "1"]
[SourceVersionDate "2020.05.31"]
[SourceQuality "1"]

1. b3 Nf6 2. Bb2 g6 3. e3 Bg7 4. f4 0-0 5. Nf3 c5 6. Be2 Nc6 7. 0-0 b6 8. Ne5 Bb7 9. Bf3 Rc8 10. d3 d6 11. Nxc6 Bxc6 12. Bxc6 Rxc6 13. Nd2 d5 14. Be5 Qd7 15. Rf3 Ng4 16. Bxg7 Kxg7 17. Qe1 Nh6 18. Rh3 Qg4 19. Nf3 f6 20. c3 Nf7 21. Rh4 Qf5 22. e4 dxe4 23. dxe4 Qd7 24. e5 Rd8 25. Qe4 f5 26. Qe1 e6 27. Rh3 Qe7 28. Rd1 Rc7 29. Rxd8 Qxd8 30. Qh4 Qxh4 31. Nxh4 Rd7 32. Re3 Nh6 33. h3 Nf7 34. Nf3 Kf8 35. Kf2 Rd1 36. Ke2 Rd7 37. Rd3 Ke7 38. b4 cxb4 39. cxb4 Rc7 40. Kd2 h6 41. h4 Nd8 42. Nd4 Rc4 43. a3 a5 44. b5 Rc5 45. Rc3 Rxc3 46. Kxc3 Kd7 47. Kc4 Nb7 48. Nb3 Kc7 49. Kd4 Kd7 50. Kc4 Nd8 51. Nd4 Kc7 52. Kc3 Kd7 53. Kc4 Nf7 54. Nf3 Nd8 55. Nd4 Nb7 56. Nb3 Nd8 57. Nd4 Kc7 58. Kc3 Kd7 59. Kc4 Nf7 60. Nf3 Ke7 61. Kd4 Kd7 62. Kc4 Nd8 63. Nd4 1/2-1/2

[Event "Warsaw YMCA Autumn-C 222nd"]
[Site "Warsaw"]
[Date "2019.10.24"]
[Round "6"]
[White "Kwiek, Janusz"]
[Black "Budny, Piotr"]
[Result "0-1"]
[WhiteElo "1379"]
[BlackElo "1381"]
[PlyCount "82"]
[EventDate "2019.09.19"]
[EventType "tourn"]
[EventRounds "13"]
[EventCountry "POL"]
[SourceTitle "CBM 195 Extra"]
[Source "ChessBase"]
[SourceDate "2020.05.31"]
[SourceVersion "1"]
[SourceVersionDate "2020.05.31"]
[SourceQuality "1"]

1. Nf3 c5 2. c4 Nf6 3. Nc3 e6 4. g3 Nc6 5. Bg2 Be7 6. 0-0 d5 7. cxd5 exd5 8. d4 cxd4 9. Nxd4 0-0 10. Nb3 Be6 11. Bg5 d4 12. Nb5 Qb6 13. N5xd4 Rfd8 14. Be3 Bxb3 15. Nxc6 Rxd1 16. Nxe7+ Kf8 17. Ng6+ hxg6 18. Bxb6 Rxf1+ 19. Kxf1 axb6 20. Bxb7 Rxa2 21. Rxa2 Bxa2 22. e4 Ke7 23. Ke2 Nd7 24. Ke3 Kd6 25. Kd4 f6 26. f4 Nc5 27. Bc8 Be6 28. Bxe6 Nxe6+ 29. Kc4 g5 30. f5 Nc7 31. Kd4 b5 32. h3 Na6 33. h4 gxh4 34. gxh4 Nb4 35. h5 Nc6+ 36. Ke3 Ke5 37. Kf3 Na5 38. Ke3 Nc4+ 39. Kd3 Nxb2+ 40. Kc3 Nc4 41. Kb4 Nd6 0-1

[Event "Warsaw YMCA Autumn-C 222nd"]
[Site "Warsaw"]
[Date "2019.10.09"]
[Round "4"]
[White "Kwiek, Janusz"]
[Black "Szumigaj, Marcin"]
[Result "1/2-1/2"]
[WhiteElo "1379"]
[BlackElo "1433"]
[PlyCount "106"]
[EventDate "2019.09.19"]
[EventType "tourn"]
[EventRounds "13"]
[EventCountry "POL"]
[SourceTitle "CBM 195 Extra"]
[Source "ChessBase"]
[SourceDate "2020.05.31"]
[SourceVersion "1"]
[SourceVersionDate "2020.05.31"]
[SourceQuality "1"]

1. Nf3 Nf6 2. g3 d5 3. Bg2 e6 4. c4 Be7 5. Nc3 0-0 6. cxd5 exd5 7. d4 c6 8. 0-0 Nbd7 9. Re1 Re8 10. Qc2 Bf8 11. e4 dxe4 12. Nxe4 Nxe4 13. Rxe4 Rxe4 14. Qxe4 Nf6 15. Qc2 Be6 16. Bd2 Bd5 17. Be3 a5 18. b3 Be4 19. Qb2 Qd5 20. Nh4 Bxg2 21. Nxg2 Qb5 22. a4 Qf5 23. Qb1 Qf3 24. Qd1 Qe4 25. f3 Qe7 26. Bf2 Rd8 27. Qc2 Qc7 28. Re1 Bb4 29. Re2 Qd7 30. Nf4 Re8 31. Kg2 Rxe2 32. Qxe2 Qe7 33. Qxe7 Bxe7 34. Be1 b6 35. Kf2 Nd7 36. Nd3 f5 37. Ke3 Kf7 38. b4 axb4 39. Bxb4 Bf6 40. f4 Ke6 41. a5 Kd5 42. Ne5 Bxe5 43. fxe5 bxa5 44. Bxa5 c5 45. dxc5 Nxc5 46. Kf4 Ke6 47. Bc3 Nd3+ 48. Kg5 Nxe5 49. h4 Nf7+ 50. Kf4 g6 51. g4 fxg4 52. Kxg4 Kd5 53. h5 gxh5+ 1/2-1/2

[Event "Warsaw YMCA Autumn-C 222nd"]
[Site "Warsaw"]
[Date "2019.10.02"]
[Round "3"]
[White "Wyczesany, Dariusz"]
[Black "Kwiek, Janusz"]
[Result "1/2-1/2"]
[WhiteElo "1511"]
[BlackElo "1379"]
[PlyCount "140"]
[EventDate "2019.09.19"]
[EventType "tourn"]
[EventRounds "13"]
[EventCountry "POL"]
[SourceTitle "CBM 195 Extra"]
[Source "ChessBase"]
[SourceDate "2020.05.31"]
[SourceVersion "1"]
[SourceVersionDate "2020.05.31"]
[SourceQuality "1"]

1. f4 Nf6 2. g3 g6 3. Bg2 Bg7 4. Nf3 0-0 5. 0-0 d5 6. c3 c5 7. d3 Nc6 8. Qe1 Qb6 9. h3 c4+ 10. Kh2 Bf5 11. g4 Bd7 12. Ne5 Qc7 13. Qg3 Nxe5 14. fxe5 Ne8 15. Bxd5 Bxe5 16. Bf4 Bxf4 17. Qxf4 Qxf4+ 18. Rxf4 cxd3 19. exd3 Nd6 20. Nd2 e6 21. Bg2 e5 22. Rb4 Rab8 23. Re1 f6 24. d4 Rfe8 25. Ne4 Nxe4 26. Bxe4 exd4 27. Bd5+ Kf8 28. Rxe8+ Kxe8 29. Rxd4 b6 30. Bg8 h6 31. Bf7+ Ke7 32. Bxg6 Be6 33. Re4 Kd6 34. a3 Rg8 35. Rd4+ Kc7 36. Bd3 Rg5 37. Rf4 Rd5 38. Rf3 Kd7 39. Kg3 Ke7 40. Re3 Re5 41. Rxe5 fxe5 42. Be4 Kf6 43. Kh4 Kg7 44. b4 Bc4 45. g5 Be6 46. gxh6+ Kxh6 47. Kg3 Kg5 48. Bd3 Bd5 49. h4+ Kh5 50. Be2+ Kg6 51. Kg4 Be6+ 52. Kg3 Bd5 53. c4 Bc6 54. Bg4 Kf6 55. Kf2 a5 56. Bf3 axb4 57. axb4 e4 58. Bg4 Ke5 59. Ke3 Be8 60. h5 Bf7 61. h6 Bg6 62. Bh5 Bh7 63. Be8 Kf6 64. c5 bxc5 65. bxc5 Ke5 66. Bc6 Bf5 67. Bxe4 Bxe4 68. c6 Bf5 69. c7 Kf6 70. Kf4 Bc8 1/2-1/2

[Event "Warsaw YMCA Summer-B 218th"]
[Site "Warsaw"]
[Date "2019.08.08"]
[Round "10"]
[White "Bartczak, Hanna"]
[Black "Kwiek, Janusz"]
[Result "1-0"]
[WhiteElo "1411"]
[BlackElo "1426"]
[PlyCount "87"]
[EventDate "2019.07.02"]
[EventType "tourn"]
[EventRounds "10"]
[EventCountry "POL"]
[SourceTitle "CBM 195 Extra"]
[Source "ChessBase"]
[SourceDate "2020.05.31"]
[SourceVersion "1"]
[SourceVersionDate "2020.05.31"]
[SourceQuality "1"]

1. d4 Nf6 2. Bg5 d5 3. f4 c5 4. e3 Qa5+ 5. c3 Bf5 6. Nf3 Ne4 7. Bh4 Nd7 8. Bd3 Qb6 9. Qc1 Qg6 10. 0-0 c4 11. Bxe4 Bxe4 12. Nbd2 e6 13. Bg3 Be7 14. Ne5 Nxe5 15. fxe5 Bg5 16. Nf3 Be7 17. Qd2 0-0 18. Rf2 b5 19. Raf1 Bd3 20. Re1 a5 21. Nh4 Qh5 22. Nf3 b4 23. Qc1 bxc3 24. bxc3 Rab8 25. Nd2 Rb7 26. e4 dxe4 27. Nxe4 Rb1 28. Qe3 Rxe1+ 29. Qxe1 Rb8 30. Nd2 Rb2 31. Nf1 Rxf2 32. Bxf2 Qe2 33. Ne3 Qxa2 34. d5 exd5 35. Nxd5 Bg5 36. e6 Qa4 37. e7 Qe8 38. Bc5 Bf4 39. Nxf4 Bg6 40. Nd5 f6 41. Nc7 Qd7 42. e8Q+ Bxe8 43. Qxe8+ Qxe8 44. Nxe8 1-0

[Event "Warsaw YMCA Summer-B 218th"]
[Site "Warsaw"]
[Date "2019.08.06"]
[Round "9"]
[White "Kwiek, Janusz"]
[Black "Kuznik, Kamil"]
[Result "1-0"]
[WhiteElo "1426"]
[BlackElo "1596"]
[PlyCount "103"]
[EventDate "2019.07.02"]
[EventType "tourn"]
[EventRounds "10"]
[EventCountry "POL"]
[SourceTitle "CBM 195 Extra"]
[Source "ChessBase"]
[SourceDate "2020.05.31"]
[SourceVersion "1"]
[SourceVersionDate "2020.05.31"]
[SourceQuality "1"]

1. Nf3 d5 2. d4 Nf6 3. g3 Bg4 4. Bg2 c6 5. 0-0 e6 6. b3 Nbd7 7. Bb2 Bd6 8. Nbd2 0-0 9. c4 Qe7 10. Rc1 e5 11. dxe5 Nxe5 12. Nxe5 Bxe5 13. Bxe5 Qxe5 14. Nf3 Qh5 15. cxd5 Rad8 16. Qc2 Nxd5 17. Qc5 a6 18. Rfd1 Rfe8 19. Rd2 b6 20. Qa3 Qh6 21. Rcd1 Bh3 22. Bxh3 Qxh3 23. Qxa6 Rd6 24. e4 Nf4 25. Qf1 Rxd2 26. Rxd2 Qg4 27. Qd1 h5 28. Kh1 Ng6 29. Rd8 Qxe4 30. Rxe8+ Qxe8 31. Qd3 Qe7 32. h4 b5 33. Kg2 Nf8 34. Qf5 g6 35. Qe5 Ne6 36. Ng5 Qd7 37. Ne4 Qd4 38. Qxd4 Nxd4 39. Kf1 Kf8 40. Ke1 Ke7 41. Kd2 Ke6 42. Kd3 Nf5 43. a4 Nd6 44. a5 Nxe4 45. Kxe4 Kd6 46. b4 f6 47. Kd4 g5 48. a6 Kc7 49. Kc5 g4 50. a7 Kb7 51. a8Q+ Kxa8 52. Kxc6 1-0

[Event "Warsaw YMCA Summer-B 218th"]
[Site "Warsaw"]
[Date "2019.07.02"]
[Round "1"]
[White "Kwiek, Janusz"]
[Black "Rembecki, Robert"]
[Result "0-1"]
[WhiteElo "1426"]
[BlackElo "1363"]
[PlyCount "66"]
[EventDate "2019.07.02"]
[EventType "tourn"]
[EventRounds "10"]
[EventCountry "POL"]
[SourceTitle "CBM 195 Extra"]
[Source "ChessBase"]
[SourceDate "2020.05.31"]
[SourceVersion "1"]
[SourceVersionDate "2020.05.31"]
[SourceQuality "1"]

1. Nf3 d5 2. d4 Nf6 3. g3 Bf5 4. Bg2 Nc6 5. 0-0 e6 6. Bg5 h6 7. Bxf6 Qxf6 8. e3 Bd6 9. a3 Bg4 10. Nbd2 0-0 11. c4 dxc4 12. Nxc4 e5 13. dxe5 Bxe5 14. h3 Bf5 15. Nfxe5 Nxe5 16. Nxe5 Qxe5 17. Qb3 Be6 18. Qc2 c6 19. Rfd1 Rad8 20. Rd2 Qb5 21. Bf1 Qh5 22. Qd1 Qa5 23. b4 Qb6 24. Rxd8 Rxd8 25. Qc2 a5 26. Rb1 axb4 27. axb4 Ra8 28. Rb2 Ra1 29. Rb1 Qa7 30. Rd1 Bd5 31. Bg2 Qa2 32. Qxa2 Rxd1+ 33. Kh2 Bxa2 0-1